| 000 | 00469cam a2200181ua 4500 | ||
|---|---|---|---|
| 003 | OSt | ||
| 008 | 241218b |||||||| |||| 00| 0 eng d | ||
| 020 | _a81-224-0997-0 | ||
| 041 | _aeng | ||
| 082 |
_a621.317 _bBHA/CO |
||
| 100 |
_aBhattacharya, S K . _96501 |
||
| 245 | _aControl of electrical machines / | ||
| 250 | _a1 / | ||
| 260 |
_aNew Delhi : _bNew Age International Ltd , _c1966. |
||
| 300 | _a356 ; . | ||
| 700 | 1 |
_aBrijinder, Singh . _96502 |
|
| 942 | _cBK | ||
| 999 |
_c5496 _d5496 |
||